[Event "EYCC 2017"]
[Site "Mamaia"]
[Date "2017.09.13"]
[Round "8"]
[White "Sieber, Fiona"]
[Black "Rogozenco, Teodora"]
[Result "1/2-1/2"]
[WhiteElo "2248"]
[BlackElo "2024"]
[Annotator "TA"]
[PlyCount "101"]
[EventDate "2017.??.??"]
[EventType "swiss"]
[EventCountry "ROU"]
[SourceTitle "playchess.com"]
[Source "ChessBase"]
[SourceQuality "1"]

1. e4 e5 2. Nf3 Nc6 3. Bb5 a6 4. Ba4 Nf6 5. O-O Be7 6. d3 b5 7. Bb3 d6 8. a3 O-O 9. Nc3 Bg4 10. h3 Bxf3 11. Qxf3 Nd4 12. Qd1 Nxb3 13. cxb3 d5 14. b4 c6 15. Qf3 Qd6 16. Ne2 Rac8 17. Ng3 g6 18. Be3 Rfd8 19. Rac1 Qe6 20. Bb6 Re8 21. Rc2 d4 22. Qd1 Nd7 23. Bc5 Bxc5 24. bxc5 a5 25. b4 Ra8 26. f4 exf4 27. Ne2 axb4 28. axb4 Ne5 29. Nxf4 Qb3 30. Qd2 Ra3 31. Rb2 Qc3 32. Qf2 Rea8 33. Rbb1 Ra2 34. Qh4 Nxd3 35. Nh5 gxh5 36. Qg5+ Kh8 37. Qf6+ Kg8 38. Qxf7+ Kh8 39. Qf6+ Kg8 40. Rf5 Nf4 41. Rxf4 Qg3 42. Qe6+ Kh8 43. Qe5+ Qg7 44. Qxg7+ Kxg7 45. e5 Re8 46. Rxd4 Rxe5 47. Rd7+ Kg6 48. Rd6+ Kg5 49. Rxc6 Ree2 50. Kh1 Rxg2 51. Rg1 1/2-1/2

[Event "EYCC 2017"]
[Site "Mamaia"]
[Date "2017.09.13"]
[Round "8"]
[White "Mis, Mieszko"]
[Black "Tomasi, Albert"]
[Result "1-0"]
[WhiteElo "2245"]
[BlackElo "2343"]
[Annotator "TA"]
[PlyCount "106"]
[EventDate "2017.??.??"]
[EventType "swiss"]
[EventCountry "ROU"]
[SourceTitle "playchess.com"]
[Source "ChessBase"]
[SourceQuality "1"]

1. c4 e5 2. g3 Nf6 3. Bg2 d5 4. cxd5 Nxd5 5. Nc3 Nb6 6. Nf3 Nc6 7. O-O Be7 8. Rb1 a5 9. d3 O-O 10. Be3 Bg4 11. Rc1 a4 12. a3 Ra5 13. Bxb6 cxb6 14. Nxa4 e4 15. Ne1 Bg5 16. Rb1 Nd4 17. Nc3 Be6 18. e3 Bb3 19. Qd2 exd3 20. Qxd3 Nb5 21. Nd5 Nxa3 22. Qxb3 Nxb1 23. Qd3 Qd6 24. b4 Rxd5 25. Bxd5 Rd8 26. Bxf7+ Kxf7 27. Qxb1 Kg8 28. Nf3 Be7 29. b5 Qd3 30. Qxd3 Rxd3 31. Ra1 Bf6 32. Ra7 Rd7 33. Kg2 Kf7 34. e4 Ke6 35. Ra8 Kd6 36. Rc8 Ke6 37. Re8+ Re7 38. Rb8 Kd6 39. Nd2 Bc3 40. Nc4+ Kc7 41. Rf8 Rxe4 42. Rf7+ Kd8 43. Nxb6 Re5 44. Rxg7 Rxb5 45. Rd7+ Ke8 46. Rxb7 Be5 47. f4 Rb2+ 48. Kh3 Bd4 49. Rb8+ Kf7 50. Nd7 Rd2 51. Rb7 Bg1 52. Ne5+ Ke6 53. Nf3 Kd5 1-0

[Event "EYCC 2017"]
[Site "Mamaia"]
[Date "2017.09.13"]
[Round "8"]
[White "Schneider, Jana"]
[Black "Antova, Gabriela"]
[Result "1/2-1/2"]
[WhiteElo "2231"]
[BlackElo "2256"]
[Annotator "TA"]
[PlyCount "111"]
[EventDate "2017.??.??"]
[EventType "swiss"]
[EventCountry "ROU"]
[SourceTitle "playchess.com"]
[Source "ChessBase"]
[SourceQuality "1"]

1. e4 e5 2. Nf3 Nf6 3. Nxe5 d6 4. Nf3 Nxe4 5. Bd3 Nf6 6. h3 Be7 7. O-O O-O 8. c3 d5 9. Bc2 Nbd7 10. d4 Ne4 11. Bf4 h6 12. Ne5 Ndf6 13. Re1 c5 14. Nd2 Bf5 15. f3 Nxd2 16. Bxf5 Nc4 17. Bb1 cxd4 18. cxd4 Bd6 19. b3 Na5 20. Qd3 Re8 21. Bc2 Kf8 22. Qb5 Kg8 23. Nxf7 Kxf7 24. Bxd6 Rxe1+ 25. Rxe1 Qxd6 26. Qxa5 Kg8 27. Re5 Rc8 28. Qd2 Qc7 29. Bf5 Qc1+ 30. Qxc1 Rxc1+ 31. Kf2 Kf8 32. Re2 b6 33. Rc2 Rxc2+ 34. Bxc2 Ke7 35. Ke3 Ne8 36. f4 Nd6 37. g4 g5 38. Bd1 Ne8 39. Bf3 Kd6 40. fxg5 hxg5 41. h4 gxh4 42. Kf4 Ng7 43. g5 Ne6+ 44. Kg4 Nxd4 45. g6 Ke6 46. Bxd5+ Kf6 47. Be4 Ne2 48. Kxh4 Nc3 49. Bd3 Nxa2 50. Kh5 Kg7 51. Kg5 a5 52. Kf5 Nc1 53. Bc2 b5 54. Ke5 Nxb3 55. Bxb3 Kxg6 56. Ke4 1/2-1/2

[Event "EYCC 2017"]
[Site "Mamaia"]
[Date "2017.09.13"]
[Round "8"]
[White "Tsvetkov, Andrey"]
[Black "Musyuk, Lior"]
[Result "1/2-1/2"]
[WhiteElo "2219"]
[BlackElo "2087"]
[Annotator "TA"]
[PlyCount "58"]
[EventDate "2017.??.??"]
[EventType "swiss"]
[EventCountry "ROU"]
[SourceTitle "playchess.com"]
[Source "ChessBase"]
[SourceQuality "1"]

1. d4 c5 2. d5 Nf6 3. c4 e6 4. Nc3 exd5 5. cxd5 d6 6. e4 a6 7. f4 Qe7 8. Bd3 b5 9. Qe2 Nbd7 10. Nf3 Bb7 11. O-O c4 12. Bc2 g6 13. Rd1 b4 14. Na4 Rc8 15. Rd4 Bxd5 16. Bd2 a5 17. Re1 Bb7 18. Rxc4 Bg7 19. Rxc8+ Bxc8 20. e5 Ng4 21. Ng5 h5 22. Qc4 O-O 23. Nxf7 Qh4 24. Nh6+ Kh7 25. Nxg4 hxg4 26. exd6 Ne5 27. Qe2 Nc6 28. g3 Qh5 29. Be3 Nd4 1/2-1/2

[Event "EYCC 2017"]
[Site "Mamaia"]
[Date "2017.09.13"]
[Round "8"]
[White "Goltseva, Ekaterina"]
[Black "Badelka, Olga"]
[Result "0-1"]
[WhiteElo "2214"]
[BlackElo "2335"]
[Annotator "TA"]
[PlyCount "104"]
[EventDate "2017.??.??"]
[EventType "swiss"]
[EventCountry "ROU"]
[SourceTitle "playchess.com"]
[Source "ChessBase"]
[SourceQuality "1"]

1. d4 d5 2. c4 dxc4 3. e3 Nf6 4. Bxc4 e6 5. Nf3 a6 6. O-O b5 7. Bd3 Bb7 8. Qe2 c5 9. dxc5 Nc6 10. Rd1 Qc7 11. a4 b4 12. b3 Bxc5 13. Bb2 Be7 14. Nbd2 O-O 15. Rac1 Rfc8 16. Ne5 Qb6 17. Ndc4 Qc5 18. Nxc6 Qxc6 19. f3 Bc5 20. Bxf6 gxf6 21. Kh1 Qc7 22. Qe1 f5 23. e4 fxe4 24. Bxe4 Bxe4 25. fxe4 Qf4 26. Qe2 Bf8 27. Rf1 Qg5 28. Rcd1 Rd8 29. Qf2 Qh5 30. Rxd8 Rxd8 31. h3 Bg7 32. Qf4 h6 33. Nd6 Rf8 34. Nc4 Qe2 35. Qf3 Qxf3 36. Rxf3 Rd8 37. e5 Rd1+ 38. Kh2 Re1 39. Rg3 Kf8 40. Rg4 h5 41. Rh4 Rb1 42. Re4 Rxb3 43. Na5 Rb1 44. Nc6 b3 45. Rb4 Bh6 46. Nb8 b2 47. Nd7+ Kg7 48. Nf6 Bd2 49. Rb3 Bf4+ 50. g3 Bxe5 51. Nxh5+ Kh6 52. Nf4 Rd1 0-1

[Event "EYCC 2017"]
[Site "Mamaia"]
[Date "2017.09.13"]
[Round "8"]
[White "Oglaza, Oskar"]
[Black "Suleymanli, Aydin"]
[Result "1/2-1/2"]
[WhiteElo "2198"]
[BlackElo "2351"]
[Annotator "TA"]
[PlyCount "59"]
[EventDate "2017.??.??"]
[EventType "swiss"]
[EventCountry "ROU"]
[SourceTitle "playchess.com"]
[Source "ChessBase"]
[SourceQuality "1"]

1. e4 e6 2. d4 d5 3. Nc3 Nc6 4. e5 Nge7 5. Nf3 Nf5 6. h4 h5 7. Bg5 f6 8. Bf4 Bb4 9. Bd3 Nce7 10. a3 Bxc3+ 11. bxc3 c5 12. dxc5 Qa5 13. O-O Qxc3 14. Bd2 Qxc5 15. Bb4 Qc7 16. Re1 Bd7 17. Rb1 O-O-O 18. Nd4 fxe5 19. Nxf5 Nxf5 20. Bxf5 exf5 21. Qxd5 Rhe8 22. Ba5 b6 23. Qa8+ Qb8 24. Qxb8+ Kxb8 25. Bc3 e4 26. Bxg7 Ba4 27. Rb4 Bxc2 28. Rb5 e3 29. Be5+ Kb7 30. Rxe3 1/2-1/2

[Event "EYCC 2017"]
[Site "Mamaia"]
[Date "2017.09.13"]
[Round "8"]
[White "Martinovici, Ilie"]
[Black "Salemgareev, Tagir"]
[Result "1-0"]
[WhiteElo "2197"]
[BlackElo "2354"]
[Annotator "TA"]
[PlyCount "158"]
[EventDate "2017.??.??"]
[EventType "swiss"]
[EventCountry "ROU"]
[SourceTitle "playchess.com"]
[Source "ChessBase"]
[SourceQuality "1"]

1. d4 d5 2. c4 c6 3. Nf3 Nf6 4. Qc2 dxc4 5. Qxc4 Bg4 6. Nc3 Nbd7 7. Bf4 e6 8. e4 Be7 9. Be2 O-O 10. Rd1 Qa5 11. O-O Rad8 12. a3 Bxf3 13. Bxf3 e5 14. dxe5 Nxe5 15. Qe2 Nfd7 16. Bg4 Nxg4 17. Qxg4 Nc5 18. Bg5 Bxg5 19. Qxg5 Qb6 20. Qe3 a5 21. e5 Nd7 22. Rd4 Qc7 23. e6 fxe6 24. Qxe6+ Kh8 25. Qe7 Rfe8 26. Qf7 Rf8 27. Qe7 Rfe8 28. Qf7 Qc8 29. Rg4 Rg8 30. Rh4 Nf8 31. Re1 Qd7 32. Qh5 b6 33. Rhe4 Qd6 34. Qf5 Nd7 35. Re6 Qc5 36. Qxc5 Nxc5 37. Rxc6 Nd3 38. Rb1 Rgf8 39. f3 Nf4 40. Ne4 b5 41. Rc5 Rb8 42. Rd1 h6 43. Nd6 a4 44. Nxb5 Rf6 45. Rd2 Rfb6 46. Nd4 Rxb2 47. Rxb2 Rxb2 48. Rc2 Rb1+ 49. Kf2 Ra1 50. Rc8+ Kh7 51. Nc2 Rd1 52. Rc4 g5 53. g3 Rd2+ 54. Ke1 Rxh2 55. gxf4 gxf4 56. Nd4 h5 57. Ne2 Kg6 58. Rxf4 Kg5 59. Rxa4 Rh1+ 60. Kf2 Ra1 61. Kg3 h4+ 62. Rxh4 Rxa3 63. Rc4 Rb3 64. Rc5+ Kf6 65. Kg4 Rb2 66. Ng3 Rb8 67. f4 Rg8+ 68. Rg5 Ra8 69. Ne4+ Ke6 70. Re5+ Kf7 71. f5 Ra1 72. Ng5+ Kg7 73. Re7+ Kf6 74. Rf7+ Ke5 75. Nf3+ Kd6 76. Kg5 Rf1 77. Nh4 Ke5 78. Ng6+ Kd6 79. Kf6 Kd5 1-0

[Event "EYCC 2017"]
[Site "Mamaia"]
[Date "2017.09.13"]
[Round "8"]
[White "Rozman, Monika"]
[Black "Diakonova, Ekaterina"]
[Result "0-1"]
[WhiteElo "2194"]
[BlackElo "2276"]
[Annotator "TA"]
[PlyCount "74"]
[EventDate "2017.??.??"]
[EventType "swiss"]
[EventCountry "ROU"]
[SourceTitle "playchess.com"]
[Source "ChessBase"]
[SourceQuality "1"]

1. e4 c6 2. d4 d5 3. Nc3 dxe4 4. Nxe4 Bf5 5. Ng3 Bg6 6. h4 h6 7. h5 Bh7 8. Nf3 e6 9. Bd3 Bxd3 10. Qxd3 Nf6 11. Bd2 Be7 12. O-O-O O-O 13. Kb1 c5 14. Bc3 Nbd7 15. dxc5 Nxc5 16. Qxd8 Rfxd8 17. Rxd8+ Rxd8 18. Re1 Nfe4 19. Nxe4 Nxe4 20. Bd4 Nd2+ 21. Nxd2 Rxd4 22. Nb3 Rh4 23. Rd1 Kf8 24. a3 Ke8 25. Na5 b6 26. Nc6 a5 27. Nxe7 Kxe7 28. Rd3 Rxh5 29. Rb3 b5 30. c4 bxc4 31. Rb7+ Kf6 32. Rc7 Rh2 33. Rxc4 Rxg2 34. Rf4+ Ke7 35. b4 axb4 36. axb4 h5 37. Kc2 Rg4 0-1

[Event "EYCC 2017"]
[Site "Mamaia"]
[Date "2017.09.13"]
[Round "8"]
[White "Trimitzios, Petros"]
[Black "Gaifullin, Artur"]
[Result "0-1"]
[WhiteElo "2191"]
[BlackElo "2413"]
[Annotator "TA"]
[PlyCount "58"]
[EventDate "2017.??.??"]
[EventType "swiss"]
[EventCountry "ROU"]
[SourceTitle "playchess.com"]
[Source "ChessBase"]
[SourceQuality "1"]

1. d4 Nf6 2. c4 e6 3. Nf3 d5 4. g3 Bb4+ 5. Bd2 Be7 6. Bg2 O-O 7. Qc2 Nbd7 8. O-O Ne4 9. Nc3 Nxd2 10. Nxd2 c6 11. Rfd1 f5 12. e3 Bf6 13. cxd5 cxd5 14. Rac1 Nb6 15. Nb3 g5 16. Nc5 Kh8 17. b3 Qe7 18. f4 gxf4 19. gxf4 Nd7 20. Nd3 b6 21. Ne2 Ba6 22. Qd2 Rg8 23. Kh1 Bh4 24. Nb4 Rxg2 25. Nxa6 Rag8 26. Rc8 Nf8 27. Rc7 Qe8 28. Rg1 Qg6 29. Qd1 Bf2 0-1

[Event "EYCC 2017"]
[Site "Mamaia"]
[Date "2017.09.13"]
[Round "8"]
[White "Antonica, Dragos-Andrei"]
[Black "Chyzy, Jakub"]
[Result "1-0"]
[WhiteElo "2188"]
[BlackElo "2060"]
[Annotator "TA"]
[PlyCount "81"]
[EventDate "2017.??.??"]
[EventType "swiss"]
[EventCountry "ROU"]
[SourceTitle "playchess.com"]
[Source "ChessBase"]
[SourceQuality "1"]

1. d4 d5 2. c4 e6 3. Nc3 Nf6 4. cxd5 exd5 5. Bg5 Be7 6. e3 Nbd7 7. Bd3 O-O 8. Nge2 Re8 9. O-O Nf8 10. b4 Bxb4 11. Bxf6 gxf6 12. Nxd5 Bd6 13. Ndc3 c6 14. Rb1 f5 15. Ng3 Qh4 16. d5 Be5 17. dxc6 bxc6 18. Qc2 Be6 19. Nce2 Rad8 20. Rfd1 f4 21. exf4 Bd6 22. Qxc6 Bxa2 23. Ra1 Bb3 24. Rdb1 Be6 25. f5 Bd5 26. Qxd5 Bxg3 27. hxg3 Rxd5 28. gxh4 Rxd3 29. Ng3 Re7 30. Nh5 Nd7 31. Rxa7 Kf8 32. Rbb7 Rd1+ 33. Kh2 Rd4 34. g3 f6 35. Nxf6 Nxf6 36. Rxe7 Ng4+ 37. Kg2 Rd2 38. Rf7+ Ke8 39. Rxh7 Rxf2+ 40. Kh3 Rh2+ 41. Kxg4 1-0

[Event "EYCC 2017"]
[Site "Mamaia"]
[Date "2017.09.13"]
[Round "8"]
[White "Borhy, Marcell"]
[Black "Mochalin, Faddey"]
[Result "0-1"]
[WhiteElo "2178"]
[BlackElo "2052"]
[Annotator "TA"]
[PlyCount "140"]
[EventDate "2017.??.??"]
[EventType "swiss"]
[EventCountry "ROU"]
[SourceTitle "playchess.com"]
[Source "ChessBase"]
[SourceQuality "1"]

1. d4 d5 2. c4 e6 3. Nf3 Nf6 4. g3 dxc4 5. Bg2 a6 6. Ne5 Bb4+ 7. Kf1 O-O 8. Nxc4 Nc6 9. e3 Bd7 10. a3 Be7 11. Nc3 Rb8 12. Bf3 b5 13. Nd2 e5 14. d5 Bh3+ 15. Kg1 Na5 16. b4 Nb7 17. e4 Nd6 18. Bg2 Bc8 19. Nf1 Nc4 20. h3 Ne8 21. Ne3 Nb6 22. f4 Bd6 23. Qf3 Qf6 24. f5 Bd7 25. h4 Qd8 26. g4 Ra8 27. Bf1 a5 28. Rb1 axb4 29. axb4 Na4 30. Bd2 Nxc3 31. Bxc3 c5 32. g5 Qb6 33. bxc5 Bxc5 34. Bd2 Ra2 35. Bc1 Rc2 36. Rh3 Nd6 37. Kh1 Rc3 38. Bd2 Ra3 39. Bc1 Ra4 40. Bd3 Rfa8 41. Ng4 Bd4 42. Qg3 Kh8 43. Nxe5 Bxe5 44. Qxe5 Nxe4 45. Be3 Nf2+ 46. Bxf2 Qxf2 47. Rf1 Qd4 48. Re1 Qg4 49. Qe3 Ra1 50. Bf1 R1a3 51. Qxa3 Rxa3 52. Rxa3 Qxh4+ 53. Kg2 Qxe1 54. Ra8+ Be8 55. Bxb5 Qd2+ 56. Kg1 Qxg5+ 57. Kh2 Qf4+ 58. Kg2 Qe4+ 59. Kg1 Qd4+ 60. Kf1 h5 61. Rxe8+ Kh7 62. Bc6 h4 63. Re2 h3 64. Rh2 Qf4+ 65. Rf2 Qg3 66. f6 gxf6 67. Rxf6 Qd3+ 68. Kg1 Qd4+ 69. Rf2 h2+ 70. Kg2 h1=Q+ 0-1

[Event "EYCC 2017"]
[Site "Mamaia"]
[Date "2017.09.13"]
[Round "8"]
[White "Korchagina, Alena"]
[Black "Gueci, Tea"]
[Result "1/2-1/2"]
[WhiteElo "2158"]
[BlackElo "2181"]
[Annotator "TA"]
[PlyCount "67"]
[EventDate "2017.??.??"]
[EventType "swiss"]
[EventCountry "ROU"]
[SourceTitle "playchess.com"]
[Source "ChessBase"]
[SourceQuality "1"]

1. Nf3 d5 2. d4 Nf6 3. c4 e6 4. Nc3 c6 5. cxd5 exd5 6. Bg5 Be7 7. Qc2 g6 8. e4 dxe4 9. Bxf6 Bxf6 10. Qxe4+ Qe7 11. Bc4 O-O 12. Qxe7 Bxe7 13. O-O-O Bg4 14. Rde1 Bd8 15. Ne4 Bxf3 16. gxf3 Nd7 17. Nd6 b5 18. Bb3 Bg5+ 19. Kb1 Nb6 20. h4 Bf4 21. Ne4 h5 22. Nc5 Rfe8 23. Nd3 Bd6 24. Rxe8+ Rxe8 25. Rc1 Rc8 26. f4 Kg7 27. Ne5 Bxe5 28. fxe5 Rd8 29. Rxc6 Rxd4 30. Rc7 Rd7 31. Rc5 Rd4 32. Rc7 Rd7 33. Rc5 Rd4 34. Rc7 1/2-1/2

[Event "EYCC 2017"]
[Site "Mamaia"]
[Date "2017.09.13"]
[Round "8"]
[White "Beliotis, Georgios"]
[Black "Ileana, George"]
[Result "0-1"]
[WhiteElo "2157"]
[BlackElo "2219"]
[Annotator "TA"]
[PlyCount "140"]
[EventDate "2017.??.??"]
[EventType "swiss"]
[EventCountry "ROU"]
[SourceTitle "playchess.com"]
[Source "ChessBase"]
[SourceQuality "1"]

1. e4 c5 2. Nf3 d6 3. Bb5+ Nd7 4. O-O a6 5. Bd3 Ngf6 6. c3 e6 7. Bc2 Be7 8. d4 cxd4 9. cxd4 O-O 10. Nc3 Qc7 11. Re1 Rd8 12. Qe2 Nf8 13. a4 b6 14. e5 Nd5 15. Nxd5 exd5 16. h3 dxe5 17. Nxe5 Bd6 18. Bb3 Qb7 19. Qf3 Be6 20. Bf4 Bb4 21. Rec1 Rdc8 22. Bg3 Ng6 23. Ng4 Ne7 24. Ne3 b5 25. Qe2 bxa4 26. Bxa4 Qb6 27. Qd3 Nc6 28. Rd1 Na5 29. Bc2 g6 30. Be5 Be7 31. Qd2 Nc6 32. Ba4 Nxe5 33. dxe5 Rd8 34. Rac1 Rab8 35. Rc2 Bg5 36. Qe2 d4 37. Nc4 Qb4 38. Bc6 Bf5 39. Be4 Bxe4 40. Qxe4 Qa4 41. h4 Be7 42. Rcc1 d3 43. Rxd3 Rxd3 44. Qxd3 Bxh4 45. e6 fxe6 46. Qe4 Bf6 47. Qxe6+ Kg7 48. Nd6 Rf8 49. Rc7+ Kh8 50. Nf7+ Kg7 51. Ng5+ Kh6 52. Nf7+ Kg7 53. Ne5+ Kh8 54. Nf7+ Kg7 55. Ng5+ Kh6 56. Rxh7+ Kxg5 57. Qd5+ Kg4 58. Qf3+ Kg5 59. Qd5+ Kg4 60. Qf3+ Kg5 61. Qd5+ Kg4 62. f3+ Kf4 63. Qd6+ Ke3 64. Qxf8 Qd1+ 65. Kh2 Kf2 66. Qc5+ Bd4 67. Qg5 Qg1+ 68. Kh3 Qh1+ 69. Kg4 Qxg2+ 70. Kh4 Qh2+ 0-1

[Event "EYCC 2017"]
[Site "Mamaia"]
[Date "2017.09.13"]
[Round "8"]
[White "Voloshchuk, Iliya"]
[Black "Milosevic, Milos"]
[Result "1/2-1/2"]
[WhiteElo "2156"]
[BlackElo "2265"]
[Annotator "TA"]
[PlyCount "276"]
[EventDate "2017.??.??"]
[EventType "swiss"]
[EventCountry "ROU"]
[SourceTitle "playchess.com"]
[Source "ChessBase"]
[SourceQuality "1"]

1. d4 Nf6 2. Bf4 c5 3. e3 Qb6 4. Nc3 cxd4 5. exd4 a6 6. Rb1 d5 7. Nf3 Bg4 8. Be2 e6 9. h3 Bh5 10. Ne5 Bxe2 11. Nxe2 Nc6 12. O-O Be7 13. c3 O-O 14. Ng3 Nxe5 15. dxe5 Nd7 16. c4 d4 17. b4 Rad8 18. Ne4 f6 19. c5 Qc6 20. Qd3 Qd5 21. exf6 Nxf6 22. Bd6 Bxd6 23. Nxd6 Nh5 24. Qb3 Rxd6 25. cxd6 Qxd6 26. g3 d3 27. Rfe1 Rxf2 28. Qxe6+ Qxe6 29. Rxe6 Rxa2 30. Re3 d2 31. Rd3 Nf6 32. Rd1 Ne4 33. Kg2 Rc2 34. Rd4 Rc1 35. R4xd2 Rc3 36. Rd3 Rc2+ 37. Kf3 Ng5+ 38. Kg4 h6 39. h4 Nf7 40. Kf5 Rf2+ 41. Ke6 Rf6+ 42. Kd5 g5 43. hxg5 hxg5 44. Ke4 Rb6 45. Rd4 Kg7 46. Rc1 Re6+ 47. Kf3 Ne5+ 48. Kg2 b5 49. Re4 Kf6 50. Rf1+ Ke7 51. Rf5 Nc6 52. Rg4 Re2+ 53. Kf3 Rb2 54. Rfxg5 Nxb4 55. Rg7+ Ke6 56. Re4+ Kd6 57. Rg6+ Kc5 58. Rg8 a5 59. Ra8 Nc6 60. g4 b4 61. g5 Nd4+ 62. Kg3 Kd5 63. Re1 Rb3+ 64. Kg4 Nc6 65. Kf4 Rb2 66. Rg1 Rf2+ 67. Ke3 Rf7 68. g6 Rg7 69. Rg5+ Kd6 70. Kd2 Ke7 71. Ra6 Kd7 72. Ra8 Ke7 73. Kd3 Kf6 74. Rc5 Rd7+ 75. Kc4 Ne5+ 76. Kb3 Rd3+ 77. Kc2 b3+ 78. Kb2 Re3 79. Ra6+ Kg7 80. Rc7+ Kh6 81. Rh7+ Kg5 82. Rxa5 Kxg6 83. Rc7 Kf6 84. Rc3 Re2+ 85. Kxb3 Ke6 86. Rh3 Kf5 87. Kc3 Kg4 88. Rh8 Kf4 89. Rf8+ Kg3 90. Rg8+ Kf4 91. Rf8+ Kg3 92. Ra7 Ng4 93. Kd3 Re3+ 94. Kd2 Re4 95. Ra3+ Kh4 96. Rfa8 Re7 97. R3a4 Rg7 98. Ke2 Kg3 99. Re8 Rg6 100. Ree4 Rg7 101. Ke1 Kf3 102. Re6 Rg8 103. Ra3+ Kf4 104. Ke2 Kf5 105. Rea6 Re8+ 106. Kf1 Ne5 107. R3a5 Re7 108. Kf2 Ke4 109. Ke2 Re8 110. Rh6 Kf4 111. Ra4+ Kg5 112. Rha6 Kf5 113. Ra1 Ng4+ 114. Kf3 Ne5+ 115. Kf2 Rb8 116. R1a2 Rb7 117. R6a5 Kf4 118. R5a4+ Kf5 119. Ra7 Rb5 120. Ra8 Ng4+ 121. Kg2 Ne5 122. R2a3 Ke4 123. R8a4+ Kf5 124. Kg3 Rb6 125. Re3 Rg6+ 126. Kh3 Rd6 127. Rh4 Rd5 128. Kg3 Kg5 129. Ra3 Kf5 130. Rf4+ Kg5 131. Re3 Rc5 132. Rf8 Rd5 133. Ra3 Rc5 134. Rfa8 Kf5 135. R8a5 Rc7 136. Re3 Re7 137. Raxe5+ Rxe5 138. Rxe5+ Kxe5 1/2-1/2

[Event "EYCC 2017"]
[Site "Mamaia"]
[Date "2017.09.13"]
[Round "8"]
[White "Remizov, Yaroslav"]
[Black "Kucuksari, Kaan"]
[Result "1-0"]
[WhiteElo "2146"]
[BlackElo "2319"]
[Annotator "TA"]
[PlyCount "121"]
[EventDate "2017.??.??"]
[EventType "swiss"]
[EventCountry "ROU"]
[SourceTitle "playchess.com"]
[Source "ChessBase"]
[SourceQuality "1"]

1. e4 c6 2. d4 d5 3. Nc3 dxe4 4. Nxe4 Bf5 5. Ng3 Bg6 6. Bc4 e6 7. N1e2 Nf6 8. O-O Bd6 9. f4 Qc7 10. f5 Bxf5 11. Nxf5 exf5 12. Rxf5 Nbd7 13. Ng3 O-O-O 14. Qf1 h5 15. Bf4 g6 16. Bxd6 Qxd6 17. Rf4 g5 18. Rf3 Qxd4+ 19. Kh1 Ng4 20. Rd1 Qc5 21. Ne4 Qe5 22. Nd6+ Kb8 23. g3 Ne3 24. Rxe3 Qxe3 25. Nxf7 Rhf8 26. Qd3 Ne5 27. Qxe3 Rxd1+ 28. Kg2 Nxc4 29. Qxg5 Rd2+ 30. Kh3 Rf2 31. Nd8 Re8 32. Ne6 Rf7 33. Qxh5 Nd6 34. Nf4 Ree7 35. Qa5 b6 36. Qd2 Ne4 37. Qd4 c5 38. Qd5 Nf6 39. Qd6+ Kb7 40. Ne6 Rh7+ 41. Kg2 Rd7 42. Qf4 Nd5 43. Qe4 c4 44. Nd4 Rhe7 45. Qf3 Rf7 46. Qe4 Rfe7 47. Qf3 Kc7 48. c3 Re1 49. h4 Rd1 50. Qe2 Rd3 51. h5 Re7 52. Qf2 Ne3+ 53. Kh3 Rd1 54. Qf4+ Kd7 55. Qf3 Rf1 56. Qc6+ Kd8 57. Kh4 Rd7 58. Qa8+ Kc7 59. Qxa7+ Kc8 60. Qa8+ Kc7 61. Nb5# 1-0

[Event "EYCC 2017"]
[Site "Mamaia"]
[Date "2017.09.13"]
[Round "8"]
[White "Yayloyan, Konstantin"]
[Black "Plenca, Jadranko"]
[Result "0-1"]
[WhiteElo "2142"]
[BlackElo "2440"]
[Annotator "TA"]
[PlyCount "78"]
[EventDate "2017.??.??"]
[EventType "swiss"]
[EventCountry "ROU"]
[SourceTitle "playchess.com"]
[Source "ChessBase"]
[SourceQuality "1"]

1. e4 e5 2. Nf3 Nc6 3. Bb5 Bc5 4. O-O d6 5. c3 Bd7 6. d3 Nge7 7. Nbd2 a6 8. Ba4 O-O 9. Bb3 h6 10. Nc4 Ng6 11. Be3 b5 12. Ncd2 Qf6 13. Rc1 Nf4 14. Bxf4 Qxf4 15. Bd5 Rad8 16. b4 Bb6 17. Bxc6 Bxc6 18. c4 f5 19. cxb5 Bxb5 20. a4 fxe4 21. Nxe4 d5 22. Nc5 Bxc5 23. Rxc5 Qxb4 24. Rxc7 Qd6 25. Rc1 Bxd3 26. Qxd3 e4 27. Qb3 exf3 28. g3 Kh8 29. Rfd1 d4 30. Rd3 Qf6 31. Rcd1 Qf5 32. Kh1 Rde8 33. Rg1 Re2 34. Rxd4 Rxf2 35. Rf4 Qc8 36. Qe3 Qc2 37. Rh4 Re2 38. Qa3 Kg8 39. Rf1 Re3 0-1

[Event "EYCC 2017"]
[Site "Mamaia"]
[Date "2017.09.13"]
[Round "8"]
[White "Popov, Konstantin"]
[Black "Biletskiy, Danylo"]
[Result "1-0"]
[WhiteElo "2141"]
[BlackElo "1866"]
[Annotator "TA"]
[PlyCount "63"]
[EventDate "2017.??.??"]
[EventType "swiss"]
[EventCountry "ROU"]
[SourceTitle "playchess.com"]
[Source "ChessBase"]
[SourceQuality "1"]

1. e4 c5 2. Nf3 Nc6 3. d4 cxd4 4. Nxd4 g6 5. c4 d6 6. Be2 Nf6 7. Nc3 Nxd4 8. Qxd4 Bg7 9. Be3 O-O 10. Qd2 a5 11. f3 a4 12. O-O Qa5 13. Rab1 Be6 14. Rfc1 Rfc8 15. b3 axb3 16. axb3 Qb4 17. f4 Ra3 18. Qc2 Rca8 19. f5 Bd7 20. Bd4 Bc6 21. Bf3 Ng4 22. Ne2 Bxd4+ 23. Nxd4 Qc5 24. Qc3 Nf6 25. Re1 gxf5 26. exf5 Bxf3 27. gxf3 d5 28. Kh1 Rc8 29. Re5 Nd7 30. Rg1+ Kf8 31. Rxd5 Qxd5 32. Ne6+ 1-0

[Event "EYCC 2017"]
[Site "Mamaia"]
[Date "2017.09.13"]
[Round "8"]
[White "Shafigullina, Zarina"]
[Black "Sosa Suarez, Carla Cristina"]
[Result "1-0"]
[WhiteElo "2130"]
[BlackElo "1930"]
[Annotator "TA"]
[PlyCount "83"]
[EventDate "2017.??.??"]
[EventType "swiss"]
[EventCountry "ROU"]
[SourceTitle "playchess.com"]
[Source "ChessBase"]
[SourceQuality "1"]

1. e4 e6 2. d4 d5 3. Nc3 Be7 4. g3 dxe4 5. Nxe4 Nf6 6. Bg2 Nbd7 7. Nxf6+ Bxf6 8. Nf3 O-O 9. O-O c5 10. Be3 Qe7 11. Qe2 a5 12. Qb5 b6 13. Ne5 cxd4 14. Bxa8 Bxe5 15. Bd2 Nc5 16. Rfe1 Bc7 17. Qc6 Ba6 18. Qg2 d3 19. c3 Nd7 20. Be3 Rd8 21. Bb7 Bxb7 22. Qxb7 Qd6 23. Rad1 e5 24. Qf3 b5 25. Bg5 f6 26. Rxd3 Qe6 27. Qd5 Kf7 28. Be3 e4 29. Bf4 Bxf4 30. Qxe6+ Kxe6 31. gxf4 f5 32. f3 Rc8 33. fxe4 Nc5 34. exf5+ Kxf5 35. Rd4 Ne6 36. Re5+ Kf6 37. Rd6 Re8 38. Rxb5 Ke7 39. Rxe6+ Kxe6 40. Re5+ Kd7 41. Rxe8 Kxe8 42. b4 1-0

[Event "EYCC 2017"]
[Site "Mamaia"]
[Date "2017.09.13"]
[Round "8"]
[White "Dolgun, Can"]
[Black "Kharitonov, Egor"]
[Result "0-1"]
[WhiteElo "2128"]
[BlackElo "2387"]
[Annotator "TA"]
[PlyCount "144"]
[EventDate "2017.??.??"]
[EventType "swiss"]
[EventCountry "ROU"]
[SourceTitle "playchess.com"]
[Source "ChessBase"]
[SourceQuality "1"]

1. e4 c5 2. Nf3 e6 3. d4 cxd4 4. Nxd4 a6 5. c4 Nf6 6. Nc3 Qc7 7. a3 Be7 8. Be2 Nc6 9. Be3 O-O 10. O-O d6 11. Rc1 b6 12. Nd5 exd5 13. cxd5 Nxe4 14. Nxc6 Bf6 15. Rc4 Nc5 16. b4 b5 17. Rxc5 dxc5 18. bxc5 Bb7 19. Nb4 Rad8 20. Bf3 Be5 21. d6 Bxd6 22. cxd6 Rxd6 23. Qxd6 Qxd6 24. Bxb7 a5 25. Na6 Qxa3 26. Bc5 Qc3 27. Bxf8 Kxf8 28. Rd1 b4 29. Nb8 g6 30. Nc6 a4 31. Nd4 b3 32. Bd5 b2 33. Ba2 Qc1 34. Rf1 Qa1 35. Bb1 a3 36. Nc2 a2 37. Na3 axb1=R 38. Nxb1 Ke7 39. Rd1 Qa4 40. Re1+ Kd6 41. Nc3 Qc2 42. Nb1 Qc1 43. Kf1 Qc4+ 44. Kg1 Qd3 45. f3 Kc5 46. Kf2 Qc2+ 47. Kg3 Qc1 48. Kf2 Kb4 49. Re4+ Kb3 50. Re3+ Ka2 51. Nc3+ Qxc3 52. Rxc3 b1=Q 53. Re3 Qb6 54. f4 Kb2 55. Kf3 Qc6+ 56. Kf2 Kc2 57. Re2+ Kd3 58. Re3+ Kd4 59. Re2 h5 60. h4 Qc1 61. Kg3 Qe3+ 62. Rxe3 Kxe3 63. Kh2 Kxf4 64. Kh3 f5 65. g3+ Kf3 66. Kh2 Kg4 67. Kg2 f4 68. gxf4 Kxf4 69. Kh3 Kf3 70. Kh2 Kg4 71. Kg2 Kxh4 72. Kh2 g5 0-1